| 000 | 00574nam a22002057a 4500 | ||
|---|---|---|---|
| 005 | 20220411093815.0 | ||
| 008 | 220411b ||||| |||| 00| 0 eng d | ||
| 040 | _cAL | ||
| 041 | _aEnglish | ||
| 082 |
_223 _a362.883 _bAPPS |
||
| 100 |
_aBetsy Apple _929060 |
||
| 245 | _aSchool for Rape | ||
| 260 |
_aThailand _bAn Earthrights international report _c1998 |
||
| 300 |
_a119 p. _bPB _c21x13 cm. |
||
| 650 |
_aCauses of Rape _929056 |
||
| 650 |
_aContext for Rape _929057 |
||
| 650 |
_aAlcohal and Drug users _929058 |
||
| 700 |
_aAPPLE (Betsy) _929059 |
||
| 942 |
_2ddc _cGF |
||
| 999 |
_c222329 _d222329 |
||